| 000 | 00672nam a2200205Ia 4500 | ||
|---|---|---|---|
| 005 | 20220120154349.0 | ||
| 008 | 210716s2016 xx 000 0 und d | ||
| 020 | _a9788120348332 | ||
| 040 | _cAIMIT LIBRARY | ||
| 041 | _aeng | ||
| 082 |
_a332.12 _22 _bSRIM |
||
| 100 |
_aSriram, M Revathy. _913917 |
||
| 245 |
_aCore banking solution: _bevaluation of security and controls. _cby M. Revathy Sriram |
||
| 250 | _a2nd. ed. - | ||
| 260 |
_aNew Delhi: _bPHI Learning Pvt Ltd, _c2016. |
||
| 300 | _axxvi,333p. ;24cm. | ||
| 650 | _2Technology Behind Core Banking Solutions | ||
| 650 |
_aImplementation of Core Banking Solution _914067 |
||
| 942 |
_2ddc _cBK _e2 _k332.12 SRIM |
||
| 999 |
_c209880 _d209880 |
||